| 000 | 00831nam a2200229 a 4500 | ||
|---|---|---|---|
| 001 | 59905 | ||
| 003 | BD-RjUL | ||
| 005 | 20211209080759.0 | ||
| 008 | 161227s1986 bg ||||| |||| 00| 0 ben d | ||
| 035 | _a(BD-RjUL)60029 | ||
| 040 |
_aBD-RjUL _bben _cBD-RjUL _dBD-RjUL |
||
| 041 | _aben | ||
| 082 |
_223 _a336.24 _bALA 1986 |
||
| 100 |
_aআলম, মোহাম্মদ খুরশিদ. _9143398 |
||
| 245 | 1 | 0 |
_aআয়কর ও নিরীক্ষা-শাস্ত্র / _cমোহাম্মদ খুরশিদ আলম. |
| 250 | _a১০ম সং | ||
| 260 |
_aঢাকা : _bআইডিয়াল লাইব্রেরী, _c১৯৮৬ |
||
| 300 |
_a[১০], ৩৯১ পৃ. _c২১ সেমি. |
||
| 650 |
_aআয়কর _9118704 |
||
| 650 |
_aIncome Tax _9143399 |
||
| 942 |
_2ddc _cBK |
||
| 999 |
_c59905 _d59905 |
||